Stades ayant accueilli une finale de Ligue des Champions - Statistiques

Statistiques générales
  • Ce quiz a été pris 115 fois
  • Le résultat moyen est 25 sur 34
Statistiques - réponses
Année Stade % Correct
2000 Stade de France, Saint-Denis
91%
2006 Stade de France, Saint-Denis
91%
2022 Stade de France, Saint-Denis
91%
2011 Stade de Wembley, Londres
91%
2013 Stade de Wembley, Londres
91%
2024 Stade de Wembley, Londres
91%
2001 San Siro, Milan
89%
2016 San Siro, Milan
89%
2010 Stade Santiago Bernabeu, Madrid
89%
2012 Allianz Arena, Munich
88%
2025 Allianz Arena, Munich
88%
1999 Camp Nou, Barcelone
86%
1996 Stade Olympique, Rome
84%
2009 Stade Olympique, Rome
84%
2014 Stade de la Luz, Lisbonne
80%
2020 Stade de la Luz, Lisbonne
80%
2003 Old Trafford, Manchester
73%
2005 Stade Atatürk, Istanbul
73%
2023 Stade Atatürk, Istanbul
73%
2015 Stade Olympique, Berlin
73%
1993 Stade Olympique, Munich
72%
1997 Stade Olympique, Munich
72%
2018 Stade Olympique, Kiev
71%
2019 Stade Metropolitano, Madrid
68%
2021 Stade du Dragon, Porto
67%
2008 Stade Loujniki, Moscou
66%
1994 Stade Olympique, Athènes
62%
2007 Stade Olympique, Athènes
62%
1998 Amsterdam ArenA, Amsterdam
61%
2017 Stade Millenium, Cardiff
57%
2002 Hampden Park, Glasgow
47%
1995 Stade Ernst-Happel, Vienne
34%
2004 ArenaAufSchalke, Gelsenkirchen
28%
2026 Ferenc Puskas Arena, Budapest
15%
Aucun quiz correspondant
Distribution des résultats
% des personnes avec chaque résultat
Percentile par nombre de réponses
Votre historique - résultats
Vous n’avez pas pris ce quiz